|
|
|
|
| LEADER |
02280nam a2200529 i 4500 |
| 001 |
mzk03001230616 |
| 003 |
CZ BrMZK |
| 005 |
20210614151510.0 |
| 007 |
ta |
| 008 |
160921q18911900xr fr|||||00| ||czeod |
| 040 |
|
|
|a BOA001
|b cze
|e rda
|c BOA001
|
| 072 |
|
7 |
|a 094.5
|x Tisky (19. století)
|2 Konspekt
|9 12
|
| 080 |
|
|
|a (0.068)098
|2 MRF
|
| 100 |
1 |
|
|a Blecha, Václav
|4 aut
|
| 245 |
1 |
0 |
|a Nová píseň. Jak přišli chudí o jmění /
|c Sepsáním a nákladem Václava Blechy
|
| 246 |
3 |
3 |
|a Jak přišli chudí o jmění
|
| 264 |
|
1 |
|a [Praha?] :
|b Sepsáním a nákladem Václava Blechy,
|c [mezi 1891 a 1900?]
|
| 264 |
|
3 |
|a v Praze :
|b Tiskem Jul. Janů,
|c [mezi 1891 a 1900?]
|
| 300 |
|
|
|a 2 nečíslované listy ;
|c 8° (175 mm)
|
| 336 |
|
|
|a text
|b txt
|2 rdacontent
|
| 337 |
|
|
|a bez média
|b n
|2 rdamedia
|
| 338 |
|
|
|a svazek
|b nc
|2 rdacarrier
|
| 500 |
|
|
|a Rozsah: 12 arabsky číslovaných slok
|
| 500 |
|
|
|a Výzdoba: Na [1a] dřevořez (102 x 69 mm) a linka, na [2b] ornament
|
| 500 |
|
|
|3 Ilustrace:
|a Muži (dva)_S5_101
|5 CZ-BrMZK
|
| 500 |
|
|
|a Text začíná na rubu titulního listu
|
| 500 |
|
|
|a List [1b]: 1. || Poslechněte páni též i dámy, || chci vám zazpívati o chudém jmění, || [...]
|
| 500 |
|
|
|a List [2a]: Když mu boty někdo pohaní, || tak jsou hnedky rozsekaný, || [...]
|
| 500 |
|
|
|a Datace podle poznámek Jaroslava Vobra
|
| 500 |
|
|
|a Tiskařské údaje na rubu druhého listu
|
| 500 |
|
|
|a Na titulní straně rukopisné pořadové číslo tisku v rámci špalíčku: 85
|
| 501 |
|
|
|a Přívazek 84 k: Dvě písně Nářek děvčete. Žal
|
| 653 |
|
|
|a písně světské
|
| 653 |
|
|
|a píseň - chudí
|
| 655 |
|
7 |
|a kramářské tisky
|7 fd119171
|2 czenas
|
| 740 |
0 |
2 |
|a Poslechněte páni též i dámy
|
| 740 |
0 |
2 |
|a Poslechněte páni, též i dámy
|
| 910 |
|
|
|a BOA001
|b VK-0000.103,přív.84
|
| 924 |
|
|
|a Poslechněte páni, též i dámy
|b Poslechněte páni též i dámy,
|c chci vám zazpívati o chudém jmění
|
| 978 |
|
|
|b Blecha, Václav
|a Praha?
|c 1891-1900?
|
| 978 |
|
|
|b Janů, Julius
|a Praha
|c 1891-1900?
|
| 984 |
|
|
|a Praha
|b Česko
|
| 985 |
|
|
|a 1851-1900
|
| 990 |
|
|
|a BK
|
| 993 |
|
|
|a Y
|
| 991 |
|
|
|k mzk
|
| 994 |
|
|
|a UP
|l MZK03
|b 001256200
|m přívazek 84
|n záznam 1. díla (pro objednání pokračujte kliknutím)
|